Statistics for Christmas Islands Quiz

Click here to take the quiz!

General Stats

  • This quiz has been taken 34 times
  • The average score is 9 of 16

Answer Stats

HintAnswer% Correct
Largest Import PartnerAustralia
94%
Country Christmas Island belongs toAustralia
94%
Ocean it's located inIndian
94%
Most Spoken LanguageEnglish
76%
Time ZoneUTC + {7}
76%
Dominant ReligionIslam
65%
CurrencyAustralian Dollar
59%
Largest IndustriesTourism
59%
Capital of Christmas IslandFlying Fish Cove
47%
Official name{Territory} of the Christmas Island
47%
Largest Export PartnerMalaysia
35%
Largest Ethnic GroupChinese
29%
Highest Point of the IslandMurray Hill
29%
People from Christmas Island are known asChristmas Islands
24%
National Symbol{Golden Bosun} Bird
24%
Largest IndustriesPhosphate Extraction
18%

Score Distribution

Percentile by Number Answered

Percent of People with Each Score

Your Score History

You have not taken this quiz